| 000 | 00645nam a2200157Ia 4500 | ||
|---|---|---|---|
| 008 | 210719s2008 xx 000 0 und d | ||
| 041 | _aeng | ||
| 082 | _a658.8 SIRS | ||
| 100 | _aSIRAJ (Moinudeen) | ||
| 245 | _aStudy on consumer awareness of various life insurance products with special reference to ING vysya Mangalore | ||
| 260 |
_aMangalore _bDepartment of Business Management St Aloysius College _c2008 |
||
| 300 |
_a64 _bHB |
||
| 650 | _aProject Reports | ||
| 650 | _aProject Reports | ||
| 906 | _aawareness ; consumer ; ING ; insurance ; life ; Mangalore ; of ; on ; products ; reference ; special ; Study ; to ; various ; vysya ; with | ||
| 999 |
_c215061 _d215061 |
||